[Event "Agneaux St Lo op"]
[Site "Agneaux"]
[Date "2022.07.09"]
[Round "4"]
[White "Ullrich, Karol"]
[Black "Poulet, Remi"]
[Result "1-0"]
[WhiteElo "1627"]
[BlackElo "1518"]
[PlyCount "93"]
[EventDate "2022.07.09"]
[EventType "swiss"]
[EventRounds "9"]
[EventCountry "FRA"]
[SourceTitle "EXT 2023"]
[Source "ChessBase"]
[SourceDate "2022.10.05"]
[SourceVersion "1"]
[SourceVersionDate "2022.10.05"]
[SourceQuality "1"]

1. e4 c5 2. Nf3 Nc6 3. d4 cxd4 4. Nxd4 Nf6 5. Nc3 e5 6. Ndb5 d6 7. Bg5 a6 8. Na3 b5 9. Nd5 Be7 10. Bxf6 Bxf6 11. c3 Bg5 12. h4 Bh6 13. g4 Bf4 14. Nxf4 exf4 15. Qd5 Bb7 16. 0-0-0 Na5 17. Qf5 Qe7 18. Qxf4 Qe5 19. Qd2 Rd8 20. f4 Qc5 21. b4 Qc7 22. bxa5 Qxa5 23. Kb2 0-0 24. Bg2 Rc8 25. f5 f6 26. Rh3 Rfd8 27. g5 fxg5 28. hxg5 Rc7 29. Rdh1 b4 30. cxb4 Qe5+ 31. Rc3 Rb8 32. Kb3 Rd7 33. Nc4 Qb5 34. Rch3 Bc6 35. a3 a5 36. Rxh7 axb4 37. Rh8+ Kf7 38. Rxb8 Qxb8 39. g6+ Kg8 40. axb4 d5 41. exd5 Qg3+ 42. Qe3 Qxe3+ 43. Nxe3 Bb5 44. Rc1 Rd8 45. d6 Ba6 46. Nc4 Kf8 47. Rd1 1-0